[Event "6th LGA Premium Cup"]
[Site "Nuernberg GER"]
[Date "2009.09.06"]
[Round "7"]
[White "Bojkov,D"]
[Black "Boguslavskyy,O"]
[Result "1/2-1/2"]
[WhiteElo "2521"]
[BlackElo "2442"]

1.e4 d5 2.exd5 Qxd5 3.Nc3 Qd6 4.d4 Nf6 5.Nf3 c6 6.Ne5 Nbd7 7.Bf4 Nd5 8.Nxd5 Qxd5
9.Qd3 Nxe5 10.dxe5 Qxd3 11.Bxd3 g6 12.Be4 Bg7 13.O-O-O Bd7 14.Rd3  1/2-1/2

[Event "XIX EYCC Girls U18"]
[Site "Fermo ITA"]
[Date "2009.09.07"]
[Round "7"]
[White "Paikidze,N"]
[Black "Skinke,K"]
[Result "1-0"]
[WhiteElo "2298"]
[BlackElo "2200"]

1.e4 d5 2.exd5 Qxd5 3.Nc3 Qd6 4.d4 Nf6 5.Nf3 a6 6.Be2 g6 7.h3 Bg7 8.Be3 O-O
9.Qd2 b5 10.a3 Bb7 11.O-O Nbd7 12.Bf4 Qc6 13.Rfe1 Nb6 14.Bf1 Qd7 15.Ne5 Qd8
16.Rad1 Nbd5 17.Bh2 Rc8 18.a4 Nxc3 19.Qxc3 c6 20.Qb3 Ba8 21.c4 bxa4 22.Qxa4 Qb6
23.b4 Rb8 24.Nd3 Rb7 25.Nc5 Ra7 26.Qa5 Qxa5 27.bxa5 Rd8 28.Rb1 e6 29.Rb8 Rxb8
30.Bxb8 Re7 31.Be5 Ne8 32.Rb1 f6 33.Bg3 Kf7 34.Rb6 f5 35.Be5 Bxe5 36.dxe5 Ra7
37.Nxa6 Ke7 38.c5 Kd7 39.Bc4 Ng7 40.g3 h6 41.Kg2 g5 42.Kf3 Rb7 43.Ke2 Ra7
44.Kd2 g4 45.hxg4 fxg4 46.Nb8+ Kc7 47.a6 Bb7 48.axb7 Kxb8 49.Rxc6 Rxb7 50.Bxe6 Re7
51.Bxg4 h5 52.Rc8+ Kb7 53.c6+ Kb6 54.Bd7 Rxe5 55.Rb8+ Kc7 56.Rb7+ Kd6 57.Rb3 Nf5
58.Rc3 Ne7 59.f4 Rd5+ 60.Rd3 Rxd3+ 61.Kxd3 h4 62.gxh4 Ng6 63.Ke4 Nxh4 64.f5  1-0

[Event "XIX EYCC Boys U18"]
[Site "Fermo ITA"]
[Date "2009.09.07"]
[Round "7"]
[White "Pavlidis,Ana"]
[Black "Stips,F"]
[Result "1-0"]
[WhiteElo "2348"]
[BlackElo "2240"]

1.e4 d5 2.exd5 Qxd5 3.Nc3 Qd6 4.d4 Nf6 5.Nf3 c6 6.Ne5 Nbd7 7.Nc4 Qc7 8.Qf3 Nb6
9.Bf4 Qd7 10.Nxb6 axb6 11.O-O-O e6 12.Be5 Nd5 13.Nxd5 Qxd5 14.Qxd5 exd5 15.Re1 Be6
16.Kb1 Kd7 17.Bd3 f6 18.Bg3 Bd6 19.Rxe6 Kxe6 20.Re1+ Kf7 21.Bxd6 Rhe8 22.Rc1 Re6
23.Bf4 b5 24.b3 Rae8 25.Be3 g6 26.c4 bxc4 27.bxc4 b6 28.cxd5 cxd5 29.Bb5 Rd8
30.a4 h5 31.h4 Rg8 32.Bc6 Rd8 33.Bf4 Re7 34.Bb5 Re6 35.Rc7+ Kg8 36.Rc6 Rxc6
37.Bxc6 Kf8 38.Kb2 Rc8 39.Bxd5 Rd8 40.Bc6 Rxd4 41.Be3 Rxh4 42.Kb3 Rh1 43.Bb5 Rg1
44.Bxb6 Rxg2 45.a5 Rg1 46.Bc5+ Kf7 47.a6 Rb1+ 48.Ka4 Rd1 49.Bc4+ Ke8 50.a7 Rd8
51.Bb5+ Kf7 52.Bc6 g5 53.Bd6  1-0

[Event "ch-RUS HL"]
[Site "Ulan Ude RUS"]
[Date "2009.09.07"]
[Round "6"]
[White "Shomoev,A"]
[Black "Yuzhakov,O"]
[Result "1-0"]
[WhiteElo "2566"]
[BlackElo "2360"]

1.e4 d5 2.exd5 Qxd5 3.Nc3 Qd6 4.d4 Nf6 5.Nf3 a6 6.g3 Bg4 7.Bg2 Nc6 8.O-O O-O-O
9.d5 Ne5 10.Nxe5 Qxe5 11.f3 Be6 12.Bf4 Qf5 13.Qd4 Bxd5 14.Rad1 e6 15.Qa7 g5
16.Be3 Bd6 17.Ne4 Nd7 18.Nxd6+ cxd6 19.c4 Bc6 20.Rxd6 Ne5 21.Qa8+ Kc7 22.Rxd8 Rxd8
23.Bb6+ Kxb6 24.Qxd8+ Ka7 25.Qd4+ Ka8 26.Qd8+ Ka7 27.Qd4+ Ka8 28.Qc3 Nd3
29.Qh8+ Ka7 30.Qd4+ b6 31.b3 Qc5 32.Qxc5 bxc5 33.Rd1 Nb4 34.Rd2 a5 35.a3 Na6
36.f4 Bxg2 37.Kxg2 gxf4 38.Rd7+ Kb6 39.gxf4  1-0

[Event "FSIMA September"]
[Site "Budapest HUN"]
[Date "2009.09.08"]
[Round "4"]
[White "Feher,Ad"]
[Black "Turzo,A"]
[Result "1/2-1/2"]
[WhiteElo "2224"]
[BlackElo "2314"]

1.e4 d5 2.exd5 Qxd5 3.Nc3 Qd6 4.d4 Nf6 5.Nf3 a6 6.Be2 Nbd7 7.O-O b5 8.Re1 Bb7
9.Ne5 Nxe5 10.dxe5 Qxd1 11.Rxd1 Nd7 12.e6 Nf6 13.Bf4 fxe6 14.Bxc7 g6 15.Be5 Bg7
16.Rd4 O-O 17.f4 Nd5 18.Nxd5 exd5 19.Bxg7 Kxg7 20.Re1 e6 21.g3 Bc6 22.Bg4 Bd7
23.Re5 Kf6 24.c3 h6 25.Re3 Rae8 26.h4 g5 27.Bh5 Rd8 28.fxg5+ hxg5 29.Rf3+ Ke5
30.Rxf8 Rxf8 31.hxg5 Rh8 32.Rh4 Rg8 33.g6 Kf6 34.Kf2 e5 35.Rh1 Bf5 36.Rd1 Rd8
37.Ke3 Bxg6 38.Bf3 Bf7 39.Bg2 Rg8 40.Rf1+ Ke6 41.g4 Rg7 42.Bf3 Rh7 43.Rh1 Rxh1
44.Bxh1 Kf6 45.b4 Kg5 46.Bf3 Be6 47.a3 Kh4 48.Kf2 e4 49.Bd1 Bxg4 50.Bc2 Kg5
51.Ke3 Kf5 52.a4 Ke5 53.axb5 axb5 54.Bb3 Bh5 55.Bc2 Bf3 56.Bb3 Bg2 57.Bd1 Bf1
58.Bh5 Kf5 59.Bf7 Bc4 60.Bh5 Kg5 61.Be8 Kg4 62.Bd7+ Kg3 63.Be8 Kg2 64.Bh5 Kf1
65.Bg4 Ke1 66.Bh5 Bb3 67.Bg4 Bd1 68.Be6 Bb3 69.Bg4 Bc4 70.Bh5 Bd3 71.Bg4 Kf1
72.Bh5 Kg2 73.Bf7 Bc4 74.Be8 Kg3 75.Bd7 Kh4 76.Be8 Kg5 77.Bd7 Kf6 78.Bg4 Ke5
79.Bh5 Bd3 80.Bf7 Bc2 81.Be8 Bd3 82.Bf7  1/2-1/2

[Event "TCh-SRB 1st League"]
[Site "Kragujevac SRB"]
[Date "2009.09.08"]
[Round "7"]
[White "Novoselski,Z"]
[Black "Ostojic,N1"]
[Result "1-0"]
[WhiteElo "2412"]
[BlackElo "2412"]

1.e4 d5 2.exd5 Qxd5 3.Nc3 Qd6 4.d4 Nf6 5.Bc4 a6 6.Bb3 Bg4 7.f3 Bf5 8.Nge2 e6
9.Bf4 Qd7 10.Qd2 Bb4 11.Be5 Nc6 12.Qf4 Na5 13.O-O-O Nxb3+ 14.axb3 Nd5 15.Nxd5 Qxd5
16.Ng3 Bg6 17.Bxg7 Rg8 18.Be5 Qa5 19.Kb1 O-O-O 20.Ne4 Qb6 21.g4 Be7 22.h4 h5
23.g5 Rd7 24.Rd3 Kb8 25.Rhd1 Rc8 26.Rc3 Ka8 27.Rdd3 Qa5 28.Rd1 c5 29.Rdd3 Rd5
30.dxc5 Rxd3 31.cxd3 Qb5 32.Bd6 Bd8 33.Kc2 Qa5 34.Nd2 Qa1 35.Nc4 Ba5 36.b4 Qa4+
37.Kd2 Bd8 38.Ne5 Bf5 39.Ra3 Qb5 40.Qc4 Qxc4 41.Nxc4 Ka7 42.b5  1-0

[Event "XIX EYCC Boys U18"]
[Site "Fermo ITA"]
[Date "2009.09.09"]
[Round "9"]
[White "Kavcic,J"]
[Black "Stips,F"]
[Result "1-0"]
[WhiteElo "1998"]
[BlackElo "2240"]

1.e4 d5 2.exd5 Qxd5 3.Nc3 Qd6 4.d4 Nf6 5.Nf3 a6 6.g3 Bg4 7.Bg2 Nc6 8.O-O O-O-O
9.d5 Nb4 10.h3 Bxf3 11.Qxf3 Nbxd5 12.Nxd5 Qxd5 13.Qe3 Qd4 14.Qb3 Qb6 15.Qxf7 e6
16.Be3 Qd6 17.Rad1 Qxd1 18.Rxd1 Rxd1+ 19.Kh2 Rd7 20.Qxe6 Bd6 21.c4 c6 22.Bd4 Re8
23.Qf5 Rf8 24.c5 Be7 25.Qe6 Re8 26.Bxf6 gxf6 27.Be4 Kc7 28.Bxh7 Rd2 29.Qe3 Rd5
30.Bg6 Re5 31.Qxe5+ fxe5 32.Bxe8 Bxc5 33.Kg2 Kd6 34.Kf3 Ke7 35.Bg6 Bd4 36.b3 b5
37.Bd3 c5 38.a4 bxa4 39.bxa4 a5 40.g4 Bb2 41.Ke4 Bd4 42.f3 Kf6 43.h4 Bf2
44.g5+ Ke6 45.Bc4+ Ke7 46.h5 Bh4 47.Kf5  1-0

[Event "TCh-SRB 1st League"]
[Site "Kragujevac SRB"]
[Date "2009.09.11"]
[Round "10"]
[White "Strikovic,A"]
[Black "Benkovic,P"]
[Result "1-0"]
[WhiteElo "2512"]
[BlackElo "2463"]

1.e4 d5 2.exd5 Qxd5 3.Nc3 Qd6 4.d4 Nf6 5.Nf3 a6 6.Bd3 Bg4 7.h3 Bh5 8.Be3 Nbd7
9.Qe2 e6 10.O-O-O Be7 11.Kb1 O-O-O 12.g4 Bg6 13.Bxg6 hxg6 14.Bg5 Nb6 15.Ne5 Rhf8
16.Bf4 Nbd5 17.Nxd5 Nxd5 18.Bg3 Qb6 19.Qf3 Bf6 20.c4 Nb4 21.Qe3 Nc6 22.Nxc6 Qxc6
23.Rhe1 g5 24.f4 gxf4 25.Qxf4 Qb6 26.c5 Qc6 27.g5 Be7 28.d5 Qxc5 29.Rc1 Qd6
30.Qf2 e5 31.Bxe5 Qg6+ 32.Ka1 Bd6 33.Qa7 Bxe5 34.Rxe5 Rfe8 35.Qa8+ Kd7 36.Qxb7 Qb6
37.Qxb6 cxb6 38.Rf5 Re7 39.a3 Rc8 40.Rcf1  1-0

[Event "4th Xtracon Skovbo"]
[Site "Borup DEN"]
[Date "2009.09.12"]
[Round "8"]
[White "Draeger,M"]
[Black "Thomasson,S"]
[Result "1/2-1/2"]
[WhiteElo "1850"]
[BlackElo "2015"]

1.e4 d5 2.exd5 Qxd5 3.Nc3 Qd6 4.d4 g6 5.Bc4 Bg7 6.Nf3 Nf6 7.h3 O-O 8.Be3 a6
9.O-O b5 10.Bb3 Nc6 11.Ne2 Nd5 12.Bxd5 Qxd5 13.Nf4 Qd6 14.Qe2 Bb7 15.c3 e5
16.dxe5 Nxe5 17.Nxe5 Qxe5 18.Rfe1 Rfe8 19.Rad1 Rad8 20.Qg4 Rxd1 21.Qxd1 Qf5
22.Bc1 Rxe1+ 23.Qxe1 Be5 24.Ne2 Bd6 25.Nd4 Qd5 26.f3 Kg7 27.Qh4 h5 28.Bf4 c5
29.Bxd6 Qxd6 30.Nb3 Bd5 31.Qe1 Bc4 32.Nd2 Bxa2 33.Ne4 Qe5 34.Qf2 c4 35.Qb6 Bb1
36.Qxa6 Bxe4 37.fxe4 Qg5 38.Qb6 Qc1+ 39.Kh2 Qf4+ 40.Kg1 Qc1+ 41.Kh2 Qf4+  1/2-1/2

[Event "TCh-SRB 1st League"]
[Site "Kragujevac SRB"]
[Date "2009.09.12"]
[Round "11"]
[White "Dudukovic,N"]
[Black "Milanovic,Da"]
[Result "0-1"]
[WhiteElo "2210"]
[BlackElo "2533"]

1.e4 d5 2.exd5 Qxd5 3.Nc3 Qd8 4.Bc4 Nf6 5.Nge2 a6 6.a4 Bf5 7.d3 e6 8.O-O Nc6
9.Ng3 Bg6 10.Bg5 Be7 11.Nce2 Qd6 12.d4 Rd8 13.c3 e5 14.dxe5 Qc5 15.Nd4 Nxe5
16.Be2 Nc6 17.Be3 Nd5 18.Qb3 Na5 19.Qa2 Nxe3 20.fxe3 O-O 21.Rf3 Nc6 22.Ngf5 Ne5
23.Rg3 Bxf5 24.Nxf5 Bf6 25.Rf1 Rd2 26.Bh5 g6 27.Nd4 Bg7 28.Nb3 Qc4 29.Rf4 Qe6
30.Qa3 Rd5 31.Be2 Rfd8 32.Nd4 Qe8 33.e4 R5d7 34.Bg4 Rd6 35.Be2 b6 36.b4 c5
37.bxc5 bxc5 38.Qxc5 Qxa4 39.Rf1 Qe8 40.Qa5 Qe7 41.Kh1 Rc8 42.Rb1 h5 43.Bxh5 Nc4
44.Qa2 Qxe4 45.Bf3 Qe7 46.Bb7 Re8 47.Qxc4 Qxb7 48.Rf1 Qd5 49.Qa4 Re7 50.Rgf3 Bxd4
51.cxd4 Qxd4 52.Qb3 Rf6 53.h3 Rxf3 54.Qxf3 Kg7 55.Qa3 Re6 56.Qa5 Qe5 57.Ra1 Qb2
58.Rf1 Qd4 59.Ra1 Qb2 60.Rf1 Rf6 61.Rxf6 Qxf6 62.Kg1 Qd4+ 63.Kh1 Qc4 64.Qe5+ Kh7
65.Kh2 Qe6 66.Qa5 Qc6 67.Qb4 Qc7+ 68.Kh1 a5 69.Qh4+ Kg8 70.Qa4 Qc5 71.Qe8+ Kg7
72.Kh2 Qc7+ 73.Kh1 Qc1+ 74.Kh2 Qf4+ 75.Kh1 a4 76.Qe7 Qc1+ 77.Kh2 Qb2 78.h4 a3
79.h5 a2 80.hxg6 Qf6  0-1

[Event "FSIMA September"]
[Site "Budapest HUN"]
[Date "2009.09.14"]
[Round "10"]
[White "Erdei,A"]
[Black "Dencsi,T"]
[Result "0-1"]
[WhiteElo "2132"]
[BlackElo "2338"]

1.e4 d5 2.exd5 Qxd5 3.Nc3 Qd6 4.Nf3 Nf6 5.d4 a6 6.Bd3 Bg4 7.h3 Bh5 8.Ne4 Nxe4
9.Bxe4 c6 10.c3 Nd7 11.Qb3 Qc7 12.Bg5 Nf6 13.Bd3 Bxf3 14.gxf3 e6 15.f4 O-O-O
16.f5 e5 17.O-O-O exd4 18.Bc4 h6 19.Bxf6 Qf4+ 20.Kb1 Qxf5+ 21.Ka1 Qxf6 22.Bxf7 Bc5
23.Qe6+ Qxe6 24.Bxe6+ Kc7 25.cxd4 Bxd4 26.f4 Rd6 27.f5 Rhd8 28.Kb1 Bf6 29.Rxd6 Rxd6
30.Kc2 Rd4 31.b3 Rh4 32.Rh2 c5 33.Rh1 Bd4 34.Kd3 Rf4 35.a4 Kd6 36.Rh2 Rf3+
37.Ke2 Re3+ 38.Kd2 b6 39.Bc4 b5 40.Bd3 c4 41.bxc4 bxa4 42.Re2 Rxh3 43.Re6+ Kc5
44.Rxa6 Rh2+ 45.Be2 Kb4 46.Kd3 a3 47.Kxd4 Rxe2 48.Rb6+ Ka5 49.Rb8 a2 50.Kd3 Rb2
51.Ra8+ Kb4 52.Kd4 Rd2+ 53.Ke3 Rh2 54.Kd4 Kb3 55.Kd5 Kb2 56.c5 a1=Q 57.Rxa1 Kxa1
58.c6 Rc2 59.Kd6 h5 60.Kd7 h4  0-1

[Event "7th ch-Mediterranean"]
[Site "Rijeka CRO"]
[Date "2009.09.14"]
[Round "6"]
[White "Codenotti,M"]
[Black "Golubovic,B"]
[Result "0-1"]
[WhiteElo "2122"]
[BlackElo "2381"]

1.e4 d5 2.exd5 Qxd5 3.Nc3 Qd6 4.Nf3 Nf6 5.d4 c6 6.Ne5 Nbd7 7.Nc4 Qc7 8.Qf3 Nb6
9.Bf4 Qd8 10.Ne5 Be6 11.Bg3 g6 12.O-O-O Bg7 13.h4 Nbd5 14.Bc4 Qa5 15.Ne2 h5
16.Rhe1 O-O 17.Kb1 Rad8 18.Nc1 Bf5 19.Nb3 Qb6 20.Bd3 Bxd3 21.Qxd3 e6 22.a3 Ne7
23.Nc4 Qb5 24.Bc7 Rd5 25.Bd6 Re8 26.Nc5 Ng4 27.a4 Nxf2 28.Qe2 Qxc4 29.Qxc4 Rxd6
30.Rd2 Ng4 31.Nxb7 Rd5 32.c3 Rb8 33.Nc5 Nf5 34.Na6 Rb6 35.Nb4 Rd6 36.a5 Rb7
37.Qc5 Bf8 38.Qc4 Nxh4 39.Rde2 Nf5 40.Nd3 Nf6 41.Nc5 Rc7 42.Ne4 Nxe4 43.Rxe4 Rd8
44.Qa4 Bd6 45.b4 Kg7 46.Qc2 h4 47.Ka2 Rh8 48.Rb1 h3 49.gxh3 Rxh3 50.Ka1 Rc8
51.Ree1 Rch8 52.Rg1 Be7 53.Qd2 Bf6 54.Rbd1 R8h4 55.Rc1 Nxd4 56.cxd4 Rxd4
57.Qg2 Rd2+ 58.Kb1 Rb3+  0-1

[Event "FSIMA September"]
[Site "Budapest HUN"]
[Date "2009.09.16"]
[Round "12"]
[White "Lengyel,B"]
[Black "Turzo,A"]
[Result "1-0"]
[WhiteElo "2251"]
[BlackElo "2314"]

1.e4 d5 2.exd5 Qxd5 3.Nc3 Qd6 4.d4 Nf6 5.Nf3 a6 6.g3 Bg4 7.h3 Bh5 8.Bg2 Nc6
9.O-O O-O-O 10.Bf4 Bxf3 11.Qxf3 Qxd4 12.Rfd1 Qb6 13.Be3 Qxb2 14.Na4 Qxc2
15.Nc5 Rxd1+ 16.Rxd1 e6 17.Rc1 Qxc1+ 18.Bxc1 Bxc5 19.Qb3 Nd8 20.Qc3 Be7 21.Bf4 Ne8
22.Qd4 Bd6 23.Be3 Kd7 24.g4 h5 25.g5 Rf8 26.Bf3 g6 27.Be4 e5 28.Qc3 Ng7 29.Qb3 Kc8
30.Qc2 Nde6 31.h4 Rd8 32.Kg2 Rd7 33.Kh3 c5 34.a4 Rc7 35.Qc4 Nd4 36.Bxg6 b5
37.Qd5 fxg6 38.Qxd6 Ngf5 39.Qxa6+ Kd7 40.axb5 Nd6 41.b6 Rb7 42.Qa4+ Ke6 43.Qa2+ c4
44.Qb1 Kd5 45.Qxg6 Rxb6 46.Qxh5 N6f5 47.Qf7+ Ke4 48.Bxd4 exd4 49.Qxc4 Kf4
50.Qc7+ Rd6 51.g6 Kf3 52.g7 Rh6 53.Qd8 Nxh4 54.Qxh4 Rxh4+ 55.Kxh4 d3 56.g8=Q Kxf2
57.Qd5 Ke3 58.Qe5+ Kf2 59.Qd4+ Ke2 60.Qe4+  1-0

[Event "Maotai Prince Cup Kings"]
[Site "JinZhou CHN"]
[Date "2009.09.17"]
[Round "1"]
[White "Li Chao2"]
[Black "Bu Xiangzhi"]
[Result "1-0"]
[WhiteElo "2617"]
[BlackElo "2702"]

1.e4 d5 2.exd5 Qxd5 3.Nc3 Qd6 4.d4 Nf6 5.Nf3 c6 6.g3 Bg4 7.Bg2 e6 8.O-O Be7
9.Bf4 Qd8 10.h3 Bh5 11.g4 Bg6 12.Ne5 Nbd7 13.Qe2 Nxe5 14.dxe5 Nd5 15.Nxd5 cxd5
16.c4 dxc4 17.Qxc4 Bd3 18.Qa4+ b5 19.Qa6 Bxf1 20.Qc6+ Kf8 21.Qxa8 Qxa8 22.Bxa8 Bxh3
23.Bf3 g5 24.Be3 h5 25.gxh5 g4 26.Be4 Rxh5 27.Rc1 a6 28.Rc6 Bg5 29.Bc5+ Kg7
30.Rxa6 Bf4 31.Rb6 Bxe5 32.Rxb5 f5 33.Bc6 Rh8 34.Rb7+ Kg6 35.b4 g3 36.a4 gxf2+
37.Bxf2 Bg4 38.a5 Be2 39.b5 f4 40.Be4+ Kg5 41.a6 f3 42.Bc5 Bh2+ 43.Kf2 Kf4
44.Bxf3 Bxf3 45.Rf7+ Ke4 46.Rxf3 Rg8 47.Ke2 Kd5 48.Bf2 Kc4 49.b6 Kb5 50.a7 Ka6
51.Rf7 Ra8 52.Re7 Bd6 53.Rxe6 Bb4 54.Re4 Bd6 55.Rh4 Re8+ 56.Kd3 Bg3 57.Ra4+  1-0

[Event "XingQiu Open"]
[Site "Lishui CHN"]
[Date "2009.09.17"]
[Round "1"]
[White "Wang Li"]
[Black "Zhou Weiqi"]
[Result "0-1"]
[WhiteElo "2392"]
[BlackElo "2593"]

1.e4 d5 2.exd5 Qxd5 3.Nc3 Qd6 4.d4 Nf6 5.Nf3 a6 6.Be2 Nc6 7.h3 Bf5 8.O-O O-O-O
9.Be3 e5 10.Nxe5 Nxe5 11.dxe5 Qxe5 12.Qc1 Bd6 13.f4 Qe7 14.Bf3 Rhe8 15.Bf2 Qf8
16.a3 Ne4 17.Nxe4 Bxe4 18.Bxe4 Rxe4 19.f5 Bf4 20.Qb1 Rd2 21.b4 Ree2 22.Qb3 Qe7
23.Qf3 Be3 24.Bxe3 Qxe3+ 25.Qxe3 Rxg2+  0-1

[Event "7th ch-Mediterranean"]
[Site "Rijeka CRO"]
[Date "2009.09.17"]
[Round "9"]
[White "Monjac,M"]
[Black "Kukuljan,V"]
[Result "0-1"]
[WhiteElo "1840"]
[BlackElo "1903"]

1.e4 d5 2.exd5 Qxd5 3.Nc3 Qd6 4.d4 a6 5.Nf3 Bg4 6.Bc4 e6 7.Be3 Nf6 8.h3 Bxf3
9.Qxf3 c6 10.O-O-O Nd5 11.Bxd5 cxd5 12.Bf4 Qd7 13.Rhe1 Be7 14.Qg3 O-O 15.Bg5 Bxg5+
16.Qxg5 Qd8 17.Qg4 b5 18.Re5 Qf6 19.f4 Nc6 20.Rg5 Nxd4 21.Rd3 b4 22.Ne2 Nxe2+
23.Qxe2 Qxf4+ 24.Qd2 Qxd2+ 25.Kxd2 Rac8 26.Rg4 a5 27.a3 Rc4 28.axb4 axb4
29.Rb3 Rfc8 30.c3 bxc3+ 31.bxc3 Rxg4 32.hxg4 h6 33.Kd3 Rc4 34.Rb8+ Kh7 35.Rb4 Rc7
36.Kd4 Kg6 37.g3 Kf6 38.Ra4 Ke7 39.Rb4 Kd6 40.Rb6+ Rc6 41.Rb4 e5+ 42.Kd3 Ke6
43.Ra4 g6 44.Rb4 f5 45.gxf5+ gxf5 46.Rh4 e4+ 47.Kd2 Ke5 48.Rf4 Rg6 49.Rh4 Rxg3
50.Rxh6 d4 51.cxd4+ Kxd4 52.Rd6+ Ke5 53.Rd8 Kf4 54.Ke2 Rg2+ 55.Kf1 Ra2 56.Rd5 Kg4
57.Re5 Kf4 58.Rd5 e3 59.Ke1 Ke4 60.Rb5 f4 61.Rb4+ Kf3 62.Rb1 Rh2 63.Kd1 Rh1+
64.Kc2 Rxb1 65.Kxb1 e2 66.Kc2 e1=Q 67.Kd3 Qe3+ 68.Kc4 Ke4  0-1

[Event "TCh-FIN 2009-10"]
[Site "Finland FIN"]
[Date "2009.09.19"]
[Round "1"]
[White "Nouro,M"]
[Black "Karttunen,M"]
[Result "0-1"]
[WhiteElo "2332"]
[BlackElo "2426"]

1.e4 d5 2.exd5 Qxd5 3.Nc3 Qd6 4.d4 Nf6 5.Nf3 a6 6.Ne5 Nc6 7.Nxc6 Qxc6 8.Bf4 Be6
9.Qe2 O-O-O 10.O-O-O g6 11.Kb1 Bg7 12.Be5 Rd7 13.Rg1 Rhd8 14.g4 Qb6 15.f4 Rxd4
16.Rxd4 Rxd4 17.Bxd4 Qxd4 18.Rg2 Nd5 19.Qd2 Nxc3+ 20.bxc3 Qa4 21.c4 Qa3 22.c3 Bxc3
23.Qc2 Bd4 24.f5 Qb4+ 25.Kc1 Qe1+ 26.Qd1 Qc3+ 27.Rc2 Qa3+ 28.Kb1 Qb4+ 29.Kc1 Be3+  0-1

[Event "TCh-ROU Superliga"]
[Site "Eforie Nord ROU"]
[Date "2009.09.20"]
[Round "2"]
[White "Manescu,T"]
[Black "Mateuta,G"]
[Result "1/2-1/2"]
[WhiteElo "2393"]
[BlackElo "2496"]

1.e4 d5 2.exd5 Qxd5 3.Nc3 Qd6 4.d4 c6 5.Bg5 h6 6.Bh4 Bf5 7.Nf3 e6 8.Qd2 Nd7
9.O-O-O Ngf6 10.Ne5 Nxe5 11.dxe5 Qxd2+ 12.Rxd2 Nd5 13.Nxd5 exd5 14.Bd3 Bxd3
15.Rxd3 g5 16.Bg3 h5 17.h4 g4 18.f4 Bh6 19.Kb1 f5 20.Bh2 g3 21.Rxg3 Bxf4
22.Rf3 Bxh2 23.Rxh2 Ke7 24.Rxf5 Raf8 25.Rf3 Ke6 26.Rhh3 Kxe5 27.Re3+ Kd6
28.b3 Rhg8 29.Rhg3 d4 30.Ref3 Rxg3 31.Rxf8 Rxg2 32.Rf5 c5 33.Rxh5 b5 34.Rh6+ Kd5
35.Rh5+ Kc6 36.Rh6+ Kc7 37.Rh5 Kb6 38.Rh6+ Kb7 39.Rh7+ Kb6 40.Rh6+ Ka5 41.Rh5 d3
42.cxd3 Kb4 43.Rg5 Rh2 44.h5 a6 45.Rf5 Ka3 46.Rxc5 Rb2+ 47.Kc1 Rxa2 48.h6 Rh2
49.Rc6 a5 50.Rb6 b4 51.Ra6 Kxb3 52.Rxa5 Rxh6 53.Rc5 Rh1+ 54.Kd2 Ka3 55.Ra5+ Kb2
56.d4 b3 57.d5 Rh5 58.Kd3 Kb1 59.Kc4 b2 60.Rb5 Kc2 61.Kc5 Rh3 62.Rxb2+ Kxb2
63.d6 Rd3 64.Kc6 Rxd6+  1/2-1/2

[Event "SPICE Cup A"]
[Site "Lubbuck USA"]
[Date "2009.09.20"]
[Round "2"]
[White "Mamedov,Rau"]
[Black "Kuzubov,Y"]
[Result "1/2-1/2"]
[WhiteElo "2645"]
[BlackElo "2635"]

1.e4 d5 2.exd5 Qxd5 3.Nc3 Qd8 4.d4 Nf6 5.Nf3 Bg4 6.h3 Bxf3 7.Qxf3 c6 8.Be3 e6
9.O-O-O Be7 10.Kb1 Nbd7 11.Bd3 a5 12.g4 Nd5 13.Nxd5 cxd5 14.c4 dxc4 15.Bxc4 O-O
16.d5 Ne5 17.Qe4 Nxc4 18.Qxc4 Rc8 19.Qb5 Qc7 20.dxe6  1/2-1/2

[Event "18th TCh-CRO"]
[Site "Sibenik CRO"]
[Date "2009.09.21"]
[Round "1"]
[White "Zelcic,R"]
[Black "Plenkovic,Z"]
[Result "1/2-1/2"]
[WhiteElo "2550"]
[BlackElo "2370"]

1.e4 d5 2.exd5 Qxd5 3.Nc3 Qd6 4.d4 g6 5.Nf3 Bg7 6.Bc4 Nf6 7.O-O O-O 8.Nb5 Qd8
9.Bf4 Na6 10.a4 c6 11.Nc3 Nc7 12.Be5 Ncd5 13.Nxd5 cxd5 14.Bd3 Bh6 15.Re1 Nh5
16.h3 Nf4 17.Bf1 Be6 18.Nh2 Rc8 19.a5 Qd7 20.c3 a6 21.Ng4 Bxg4 22.Qxg4 Qxg4
23.hxg4 Ne6 24.g3 Rfd8 25.Ra4 Rd7 26.c4 dxc4 27.Bxc4 Nd8 28.d5 Bg7 29.Bxg7 Kxg7
30.g5 h6 31.gxh6+ Kxh6 32.Kg2 Kg7 33.b3 Rcc7 34.Raa1 Rd6 35.Re4 e6 36.dxe6 Nxe6
37.Rae1 Nd4 38.Re7 Rdd7 39.Rxd7 Rxd7 40.Rd1 Kf8 41.f4 Ke7 42.g4 f6 43.Kf2 Nc6
44.Re1+ Kf8 45.Ra1 Ke7 46.Ke3 Kd6 47.Bd3 g5 48.fxg5 fxg5 49.Ke4 Rf7 50.Ke3 Rf4
51.Be2 Nd4 52.Bd1 Nc6 53.Bf3 Rb4 54.Bd1 Ne5 55.Ra4 Rxa4 56.bxa4 Nc4+ 57.Ke4 Ke7
58.Kd4 Nxa5 59.Kc5 b5  1/2-1/2

[Event "18th TCh-CRO"]
[Site "Sibenik CRO"]
[Date "2009.09.22"]
[Round "2"]
[White "Fedorchuk,S"]
[Black "Tiviakov,S"]
[Result "1/2-1/2"]
[WhiteElo "2643"]
[BlackElo "2670"]

1.e4 d5 2.exd5 Qxd5 3.Nc3 Qd6 4.d4 c6 5.Nf3 Bg4 6.Be3 Nf6 7.h3 Bh5 8.g4 Bg6
9.Ne5 Nd5 10.Nxd5 Qxd5 11.Rg1 Nd7 12.c4  1/2-1/2

[Event "TCh-ROU w Superliga"]
[Site "Eforie Nord ROU"]
[Date "2009.09.24"]
[Round "6"]
[White "Traistaru,T"]
[Black "Foisor,M"]
[Result "1-0"]
[WhiteElo "2205"]
[BlackElo "2155"]

1.e4 d5 2.exd5 Qxd5 3.Nc3 Qd6 4.d4 Nf6 5.Nge2 a6 6.Bf4 Qd8 7.g3 e6 8.Bg2 Bd6
9.O-O O-O 10.Re1 Nbd7 11.Qd2 Nb6 12.Rad1 Rb8 13.Qd3 Nbd5 14.Bg5 h6 15.Nxd5 hxg5
16.Nxf6+ Qxf6 17.c4 Rd8 18.Nc3 Bf8 19.Ne4 Qg6 20.Qe3 Bb4 21.Re2 g4 22.c5 f5
23.a3 Ba5 24.Ng5 c6 25.Qf4 Bd7 26.b4 Bc7 27.Qxc7 Qxg5 28.Bf1 Qf6 29.Re3 Be8
30.Bc4 Bf7 31.Rde1 Rdc8 32.Qf4 g5 33.Qe5 Qxe5 34.Rxe5 Rd8 35.Bxe6 Bxe6 36.Rxe6 Rxd4
37.R1e5 Rf8 38.Rg6+ Kh7 39.Rxg5 Rd1+ 40.Kg2 Rd5 41.Re7+ Kh6 42.Rgg7 Rd2 43.Rxb7 Re8
44.Rgd7 Ra2 45.Rd6+ Kh5 46.Rh7+ Kg5 47.Rg7+ Kh5 48.Rf6 Re5 49.Rgg6  1-0

[Event "XingQiu Open"]
[Site "Lishui CHN"]
[Date "2009.09.24"]
[Round "8"]
[White "Yu Ruiyuan"]
[Black "Wang Li"]
[Result "1/2-1/2"]
[WhiteElo "2306"]
[BlackElo "2392"]

1.e4 d5 2.exd5 Qxd5 3.Nc3 Qd6 4.Nf3 Nf6 5.d4 a6 6.Be2 Nc6 7.O-O Bf5 8.Be3 O-O-O
9.Qc1 e6 10.a3 Nd5 11.Nxd5 exd5 12.b4 f6 13.Qb2 Bd7 14.b5 axb5 15.Bxb5 Na5
16.Bd3 Nc4 17.Qb3 Qb6 18.Qa2 Bb5 19.Rfb1 Qc6 20.Nd2 Ba6 21.Nxc4 dxc4 22.Bf5+ Kb8
23.Qb2 Bd6 24.a4 h5 25.c3 Qd5 26.Qc2 Rde8 27.Rb5 Qxb5 28.d5 Rxe3 29.fxe3 Qb3  1/2-1/2

[Event "18th TCh-CRO"]
[Site "Sibenik CRO"]
[Date "2009.09.24"]
[Round "4"]
[White "Naiditsch,A"]
[Black "Tiviakov,S"]
[Result "0-1"]
[WhiteElo "2685"]
[BlackElo "2670"]

1.e4 d5 2.exd5 Qxd5 3.Nc3 Qd6 4.d4 c6 5.Bc4 Nf6 6.Nge2 Bf5 7.O-O e6 8.Ng3 Bg6
9.Nce2 Nbd7 10.Bf4 Qb4 11.Bb3 Be7 12.Bg5 Qa5 13.h4 O-O-O 14.Nf4 Nf8 15.c3 h6
16.Bxf6 Bxf6 17.Qf3 Bh7 18.Nfh5 Nd7 19.Rfe1 Qc7 20.Ne4 Bxh4 21.Qxf7 Bxe4
22.Rxe4 Rdf8 23.Qxe6 Bxf2+ 24.Kh1 Kb8 25.Re2 Nf6 26.Nxg7 Ng4 27.Qxg4 Rf4
28.Qh5 Rh4+ 29.Qxh4 Bxh4 30.Nf5 Bg5 31.Rf1 Rf8 32.Rf3 a6 33.Be6 Ka7 34.c4 Qa5
35.b3 Qa3 36.Ref2 Bd8 37.d5 cxd5 38.cxd5 Bb6 39.Rc2 Qb4 40.Re2 Qg4 41.Kh2 Rf6
42.Rc2 Rg6 43.Ng3 Qh4+ 44.Bh3 Qd4 45.Ne2 Qxd5 46.Nf4 Qd1 47.Nxg6 Qxc2 48.Bf5 Qxa2
49.Kh3 Qa1 50.Nf4 Bc7 51.g3 Qh1+ 52.Kg4 Qd1 53.Be4 Qd4 54.Bf5 Qg7+ 55.Kh3 Qe5
56.Ne6 Bb6 57.Kg4 Be3 58.Nf4 b5 59.Ng2 Bc1 60.Nf4 a5 61.Nd3 Qd4+ 62.Nf4 a4
63.bxa4 bxa4 64.Rd3 Qg7+ 65.Kf3 a3 66.Ne6 Qf7  0-1

[Event "TCh-ROU w Superliga"]
[Site "Eforie Nord ROU"]
[Date "2009.09.25"]
[Round "7"]
[White "Baciu,A"]
[Black "Foisor,C"]
[Result "0-1"]
[WhiteElo "2167"]
[BlackElo "243"]

1.e4 d5 2.exd5 Qxd5 3.Nc3 Qd6 4.d4 Nf6 5.Nf3 a6 6.Bg5 Nbd7 7.a4 e6 8.Bc4 c5
9.O-O cxd4 10.Nxd4 Qc5 11.Bxf6 Nxf6 12.Bd3 Bd7 13.Nb3 Qc7 14.Ne4 Be7 15.Re1 Rd8
16.Qe2 Nd5 17.Qg4 g6 18.Ng5 Nf4 19.Ne4 Nxd3 20.cxd3 Bc6 21.Nec5 Bd5 22.a5 Bxb3
23.Nxb3 Rxd3  0-1

[Event "TCh-ROU Superliga"]
[Site "Eforie Nord ROU"]
[Date "2009.09.25"]
[Round "7"]
[White "Smeets,J"]
[Black "Foisor,O"]
[Result "1-0"]
[WhiteElo "2642"]
[BlackElo "2414"]

1.e4 d5 2.exd5 Qxd5 3.Nc3 Qd6 4.d4 Nf6 5.Nf3 a6 6.g3 Bg4 7.Bg2 Nc6 8.O-O O-O-O
9.h3 Bh5 10.Bf4 Qb4 11.g4 Bg6 12.a3 Qxb2 13.Qe1 e6 14.Ne5 Rxd4 15.Rb1 Qxa3
16.Bxc6 bxc6 17.Nxc6 Rxf4 18.Rb8+ Kd7 19.Ne5+ Kd6 20.Rd8+ Kc5 21.Qe3+  1-0

[Event "TCh-ROU Superliga"]
[Site "Eforie Nord ROU"]
[Date "2009.09.26"]
[Round "8"]
[White "Tufa,M"]
[Black "Mateuta,G"]
[Result "0-1"]
[WhiteElo "2108"]
[BlackElo "2496"]

1.e4 d5 2.exd5 Qxd5 3.Nc3 Qd6 4.d4 c6 5.Bc4 Bf5 6.d5 Nf6 7.Nge2 cxd5 8.Nxd5 Nc6
9.Nxf6+ exf6 10.Qxd6 Bxd6 11.c3 O-O-O 12.O-O Bc5 13.Be3 Bxe3 14.fxe3 Bd3
15.Bxd3 Rxd3 16.Nd4 Rxe3 17.Nf5 Re2 18.Rf2 Rxf2 19.Kxf2 Rd8 20.Ke3 g6 21.Nd4 Nxd4
22.cxd4 f5 23.Rc1+ Kd7 24.Rc4 Re8+ 25.Kd3 Kd6 26.a4 f4 27.Rb4 Re3+ 28.Kc4 Kc7
29.Kd5 Re2 30.Rc4+ Kd7 31.Rb4 b6 32.a5 bxa5 33.Rb7+ Ke8 34.h4 h5 35.b3 Rxg2
36.Kd6 Kf8 37.Ke5 f3 38.Kf6 Ke8 39.Re7+ Kd8 40.Rxf7 Rb2 41.Kxg6 Rxb3 42.Kxh5 a4
43.Kg4 a3 44.Kg3 a5 45.Rf5 a4 46.Ra5 Rb4 47.Rd5+ Kc7 48.Rc5+ Kb6 49.Rc1 Rxd4
50.h5 Kb5 51.Rh1 Kb4 52.h6 a2 53.h7 Rd8 54.Kxf3 Rh8 55.Ke2 Rxh7  0-1

[Event "Galicia Festival Blitz"]
[Site "Ourense ESP"]
[Date "2009.09.26"]
[Round "3"]
[White "Strikovic,A"]
[Black "Gashimov,V"]
[Result "0-1"]
[WhiteElo "2512"]
[BlackElo "2740"]

1.e4 d5 2.exd5 Qxd5 3.Nc3 Qd6 4.d4 Nf6 5.Nf3 g6 6.Bg5 Bg7 7.Qd2 h6 8.Bf4 Qd8
9.O-O-O c6 10.Bc4 Nbd7 11.Rhe1 Nb6 12.Bb3 Nbd5 13.Nxd5 Nxd5 14.Be5 O-O 15.Bxg7 Kxg7
16.Ne5 a5 17.a3 Nf6 18.h3 e6 19.f4 Bd7 20.g4 b5 21.g5 hxg5 22.fxg5 Nh5 23.Rf1 Be8
24.Qe3 Qe7 25.c3 b4 26.axb4 axb4 27.c4 Qc7 28.Kc2 Kg8 29.c5 Ng7 30.h4 Nf5
31.Qf4 Ng7 32.Nxg6 Qxf4 33.Nxf4 Nf5 34.Ng2 Rd8 35.Rf4 Ng7 36.Ne3 Nh5 37.Rff1 Kg7
38.Ng4 Ng3 39.Rf4 Ne2 40.Re4 Ng3 41.Re3 Nf5 42.Red3 Rh8 43.Ne3 Nxh4 44.Ba4 Rh5
45.Kb3 Rxg5 46.Kxb4 Ng6 47.Kc3 Nf4 48.R3d2 Rg3 49.Re1 Nd5+ 50.Kd3 Rb8 51.b3 f5
52.Rg2 Nf4+ 53.Kd2 Nxg2 54.Nc4 Nxe1  0-1